Aventuras da Engrácia (Registo nº 3780)

Detalhes MARC
000 -Etiqueta do registo
Cabeçalho 00768nam0a2200265 4500
005 - Identificador da versão
Campo de controlo 20240813122043.0
010 ## - Número internacional normalizado dos livros (ISBN)
Número (ISBN) 972410236X
021 ## - Número do Depósito Legal
Código do país PT
Número 122341/98
100 ## - Dados gerais de processamento
Dados gerais de processamento 20190219d1998 c y0pory5003 ba
102 ## - Pais de publicação ou produção
País de publicação Portugal
101 0# - Língua de publicação
Língua do texto, banda sonora, etc. Português
215 ## - Descrição física 
Indicação específica da natureza do documento e extensão da espécie 41, [1] p.
Outras indicações físicas il. color
200 1# - Titulo e menção de responsabilidade
Título próprio Aventuras da Engrácia
Primeira menção de responsabilidade Maria Alberta Menéres
Outras menções de responsabilidade il. Marcello Urgeghe
225 1# - Colecção 
Título próprio da colecção Biblioteca Maria Alberta Menéres
205 ## - Menção da edição
Menção da edição 3ª ed
210 ## - Publicação, Distribuição, etc. 
Lugar da edição, distribuição, etc. Porto
Nome do editor, distribuidor, etc. Asa
Data da publicação, distribuição, etc. 1998
606 ## - Nome comum usado como assunto
Número de registo de entrada de autoridade 0001335
Palavra de ordem Literatura portuguesa
Subdivisão de assunto Conto
Código do sistema CA
675 ## - Classificação Decimal Universal (CDU)
Notação 821.134.3-34
Edição 3ª ed.
Língua da edição por
702 #1 - Nome de autor-pessoa física (responsabilidade secundária)
Número de registo de entrada de autoridade 0002071
Palavra de ordem Urgeghe
Outra parte do nome não tomada para palavra de ordem Marcello
Código de função Ilustrador / Técnico de desenho computorizado
700 #1 - Nome de autor-pessoa física (responsabilidade principal)
Número de registo de entrada de autoridade 0000051
Palavra de ordem Menéres
Outra parte do nome não tomada para palavra de ordem Maria Alberta
Datas 1930-
966 ## - Identificação da Biblioteca
Sigla EBVEN
942 ## - Elementos de entrada adicionados (Koha)
Tipo de item no Koha Livro
Exemplares
Situação do levantamento Origin of item (home branch) (coded) Biblioteca de empréstimo Código de barras Cota Circulation type (not for loan) Tipo de documento Nota do exemplar Damaged status
  Biblioteca Escolar das Vendas Biblioteca Escolar das Vendas BEV367 8POR MEN   Livro Sem mensagem